| 000 | 00973cam a22002897a 4500 | ||
|---|---|---|---|
| 003 | CHAP | ||
| 005 | 20220329134545.0 | ||
| 008 | 971013s1982 r 00010 d | ||
| 010 | _a22174 | ||
| 011 | _a23146 | ||
| 035 | _a27241 | ||
| 040 | _cCHAP | ||
| 090 | _aD-116 | ||
| 110 | 2 |
_aColegio Superior de Agricultura Tropical. Cárdenas, Tab. _925113 |
|
| 245 | 1 | 0 | _aEnfermedades del plátano (Diapositiva) |
| 260 |
_aCárdenas, Tab : _bColegio Superior de Agricultura Tropical, _c(1982?) |
||
| 300 | _a26 diapositivas col. 2 x 2 plg. 1 guía | ||
| 500 | _aLa diap. No. 16 se repuso con 2 tomas diferentes de la enfermedad | ||
| 590 |
_aBATCH-UPD _b10 _c20130110 _lUCH01 _h1922 |
||
| 590 |
_aBATCH-UPD _b10 _c20130410 _lUCH01 _h1248 |
||
| 590 |
_aBATCH-UPD _b10 _c20130914 _lUCH01 _h1922 |
||
| 590 |
_aCONVERSION _b10 _c20130109 _lUCH01 _h1313 |
||
| 650 | 1 | 4 |
_aPlátano _xEnfermedades. _989231 |
| 901 | _aBK | ||
| 942 | _cD | ||
| 949 |
_aD-116 _bBC _cD _d-63005 _eD _i27241 _mD _si |
||
| 999 |
_c22174 _d22174 |
||